| 000 | 00503nam a2200181Ia 4500 | ||
|---|---|---|---|
| 008 | 230917s9999||||xx |||||||||||||| ||und|| | ||
| 020 | _cRS650 | ||
| 040 |
_e249278 _aMAIN |
||
| 041 | _aEnglish | ||
| 082 | _a783 M687V(2) | ||
| 100 | _aMishra, Kanta Prasad | ||
| 245 | 0 | _aVoice culture: Gyan evam prampara, Hidustani music | |
| 250 | _a2nd ed. | ||
| 260 |
_aNew Delhi _bKanishka Publishers _c2018 |
||
| 300 | _axi, 207 p. | ||
| 500 | _a3222 02/08/2018 IBS18/80 09/08/2018 Main Budget | ||
| 942 | _cBK | ||
| 999 |
_c27735 _d27735 |
||